Trastornos alimentarios, intervenciones familiares y cambios en los perfiles de MMPI. Un estudio exploratorio /

El objetivo de esta investigación fue evaluar la eficacia de dos tipos de intervenciones -Terapia Familiar Sistemática (TFS) y Grupo de Apoyo a Padres + Terapia de Grupo (GAP+TG)- en función de los cambios producidos en los perfiles de personalidad del MMPI de pacientes ambulatorios con trastorno al...

Full description

Bibliographic Details
Other Authors: Joaristi, Luis, Ortego, María Asunción, Ochoa de Alda, Iñigo, Espina, Alberto
Format: Analitica de revista
Language:Spanish

MARC

LEADER 00000cab a2200000 a 4500
001 032008
003 UAHC_CL
005 20170803123430.0
008 040412b xx j 000 1 spa
040 |a UAHC_CL  |c UAHC_CL  |d UAHC_CL 
245 1 0 |a Trastornos alimentarios, intervenciones familiares y cambios en los perfiles de MMPI. Un estudio exploratorio /  |c Alberto Espina, Luis Joaristi, María Asunción Ortego, Iñigo Ochoa de Alda. 
500 |a Estudios de Psicología (España), 2003. Vol 24 (3). pp. 359-376 
500 |a Estudios de Psicología (España), 2003. Vol 24 (3). pp. 359-376 
520 |a El objetivo de esta investigación fue evaluar la eficacia de dos tipos de intervenciones -Terapia Familiar Sistemática (TFS) y Grupo de Apoyo a Padres + Terapia de Grupo (GAP+TG)- en función de los cambios producidos en los perfiles de personalidad del MMPI de pacientes ambulatorios con trastorno alimentario (TA) al año del inicio de la intervención. 46 Sujetos con TA, 8 con anorexia restrictiva (ANR), 15 con anorexia bulímica (ANB) y 23 con bulimia nerviosa (BN) [de acuerdo a los criterios del Diagnostic and Statistical Manual of Mental Disorder, 4˚ edición (American Psychiatric Association, 1994)] fueron distribuidas al azar en uno de los dos grupos de tratamiento y fueron evaluada atreves del MMPI, al comienzo y al final de la intervención. Ambos tratamientos muestran disminuciones significativas en las puntuaciones del MMPI en el postratamiento, aunque estas intervenciones breves no fueron suficientes para normalizar todas las escalas. La TFS consigue mayores disminuciones significativas con respecto al GAP + TG en algunas escalas especialmente en pacientes con bulimia nerviosa (BN). Los resultados apoyan la eficacia de este tipo de intervenciones en la mejora de los perfiles de personalidad de las pacientes con TA. 
520 |a El objetivo de esta investigación fue evaluar la eficacia de dos tipos de intervenciones -Terapia Familiar Sistemática (TFS) y Grupo de Apoyo a Padres + Terapia de Grupo (GAP+TG)- en función de los cambios producidos en los perfiles de personalidad del MMPI de pacientes ambulatorios con trastorno alimentario (TA) al año del inicio de la intervención. 46 Sujetos con TA, 8 con anorexia restrictiva (ANR), 15 con anorexia bulímica (ANB) y 23 con bulimia nerviosa (BN) [de acuerdo a los criterios del Diagnostic and Statistical Manual of Mental Disorder, 4° edición (American Psychiatric Association, 1994)] fueron distribuidas al azar en uno de los dos grupos de tratamiento y fueron evaluada atreves del MMPI, al comienzo y al final de la intervención. Ambos tratamientos muestran disminuciones significativas en las puntuaciones del MMPI en el postratamiento, aunque estas intervenciones breves no fueron suficientes para normalizar todas las escalas. La TFS consigue mayores disminuciones significativas con respecto al GAP + TG en algunas escalas especialmente en pacientes con bulimia nerviosa (BN). Los resultados apoyan la eficacia de este tipo de intervenciones en la mejora de los perfiles de personalidad de las pacientes con TA. 
520 |a El objetivo de esta investigaciÛn fue evaluar la eficacia de dos tipos de intervenciones -Terapia Familiar Sistem·tica (TFS) y Grupo de Apoyo a Padres + Terapia de Grupo (GAP+TG)- en funciÛn de los cambios producidos en los perfiles de personalidad del MMPI de pacientes ambulatorios con trastorno alimentario (TA) al aÒo del inicio de la intervenciÛn. 46 Sujetos con TA, 8 con anorexia restrictiva (ANR), 15 con anorexia bulÌmica (ANB) y 23 con bulimia nerviosa (BN) [de acuerdo a los criterios del Diagnostic and Statistical Manual of Mental Disorder, 4ç ediciÛn (American Psychiatric Association, 1994)] fueron distribuidas al azar en uno de los dos grupos de tratamiento y fueron evaluada atreves del MMPI, al comienzo y al final de la intervenciÛn. Ambos tratamientos muestran disminuciones significativas en las puntuaciones del MMPI en el postratamiento, aunque estas intervenciones breves no fueron suficientes para normalizar todas las escalas. La TFS consigue mayores disminuciones significativas con respecto al GAP + TG en algunas escalas especialmente en pacientes con bulimia nerviosa (BN). Los resultados apoyan la eficacia de este tipo de intervenciones en la mejora de los perfiles de personalidad de las pacientes con TA. 
700 1 |a Joaristi, Luis 
700 1 |a Ortego, María Asunción 
700 1 |a Ochoa de Alda, Iñigo 
700 1 |a Espina, Alberto 
700 1 |a Ortego, María Asunción 
700 1 |a Ochoa de Alda, Iñigo 
759 |a PP066 
773 0 |t Estudios de psicología.  |w 031866 
900 |a ESTUD. PSICOL.-24(03)/03 
942 |c REVA 
952 |0 0  |1 0  |4 0  |6 ESTUD___PSICOL_2403_03_000000000000000  |7 0  |8 General  |9 62157  |a BC  |b BC  |c General  |d 2017-08-03  |l 0  |o ESTUD. PSICOL.-24(03)/03  |p FICTICIO2779  |r 2019-01-08 00:00:00  |t 1  |w 2017-08-03  |y REVA 
999 |c 32008  |d 32008